NCIS General Knowledge - Statistics

General Stats
  • This quiz has been taken 1,129 times
    921 since last reset
  • The average score is 14 of 20
Answer Stats
Hint Answer % Correct
Who is the computer genius of the team? Timothy McGee
95%
Who replaced them on the team? Ziva David
94%
What is the team leaders full name? Leroy Jethro Gibbs
92%
Who is the Senior Field Agent? Tony DiNozzo
89%
What was ^ formerly a part of? Mossad
86%
Who killed them? Ari Haswari
85%
Where did this member work before joining NCIS? Baltimore
80%
Who was the first member of the team to be killed? Kate Todd
79%
The third? Leon Vance
79%
What was this member a part of before joining NCIS? Secret Service
79%
What is Tony's favourite nickname for Tim? Probie
75%
What is the name of Ziva's father? Eli David
74%
Who is the new 'Probie' in season 11? Ellie Bishop
72%
What is his job? Director of Mossad
66%
Who is the rouge CIA agent that lost his eye? Trent Kort
51%
The second? Jenny Shepard
49%
What rank does Tim's father have? Admiral
48%
Who was the first director of NCIS? (in the show) Tom Morrow
35%
What is her profession? Psychologist
28%
What is the name of Kate's sister? Rachel Cranston
14%
No matching quizzes found
Score Distribution
Percent of People with Each Score
Percentile by Number Answered
Your Score History
You have not taken this quiz since the last reset